000 00590nam a22002177a 4500
001 46708
003 UA-OsUOA
005 20220617123957.0
007 ta
008 20070705b un ||||| |||| 00| 0 ukr d
040 _aUA-OsUOA
_brus
_cUA-OsUOA
_dUA-OsUOA
041 _arus
080 _a82.09
090 _a82.09
_bА72
245 _aАнтичность и Византия
_cред. Л. А. Фрейдберг
260 _aМ.
_bНаука
_c1975
300 _a414 с.
650 7 _a82 Література. Літературознавство
_2UDC
942 _cBK
_2udc
955 _a4
999 _c332801
_d332801